000 00754nam a2200241 a 4500
999 _c12112
_d12112
003 BD-JhCC
005 20210315121949.0
008 210315s 2019bg a|||| ||a| 000 0 mul d
020 _a9789848042045
035 _a(BD-JhCC)
040 _aBD-JhCC
_dBD-JhCC
041 _amul
082 _a004
_bSHA 2019
100 _aসৈকত, নাসির খান
245 _aসবার জন্য উবুন্টু /
_cনাসির খান সৈকত
260 _aঢাকা :
_bদ্বিমিক প্রকাশনী;
_c২০১৯.
300 _a116 p. :
_bill;
_c24 cm.
650 _aOperating systems (Computers)
650 _aLinux
650 _aUbuntu (Electronic resource)
942 _2ddc
_cBK